Прошлое якутов до прихода русских на Лену (Запись № 6439973)

Подробности
000 -МАРКЕР
контрольное поле 01577nam0a22003011 4500
001 - ИДЕНТИФИКАТОР ЗАПИСИ
контрольное поле rc\2927494
005 - ИДЕНТИФИКАТОР ВЕРСИИ
контрольное поле 20110817153034.7
035 ## - ДРУГИЕ СИСТЕМНЫЕ НОМЕРА
Идентификатор записи (NLR Aleph) 007077195
100 ## - ДАННЫЕ ОБЩЕЙ ОБРАБОТКИ
Данные общей обработки 20110817d1938 |||y0rusy50 ca
101 0# - ЯЗЫК РЕСУРСА
Язык текста, звукозаписи и т.д. русский
-- якутский
102 ## - СТРАНА ПУБЛИКАЦИИ ИЛИ ПРОИЗВОДСТВА
Страна публикации Российская Федерация
105 ## - ПОЛЕ КОДИРОВАННЫХ ДАННЫХ: ТЕКСТОВЫЕ МАТЕРИАЛЫ, МОНОГРАФИЧЕСКИЕ
Кодированные данные о монографическом текстовом документе a z |||||
200 1# - ЗАГЛАВИЕ И СВЕДЕНИЯ ОБ ОТВЕТСТВЕННОСТИ
Основное заглавие Прошлое якутов до прихода русских на Лену
Сведения, относящиеся к заглавию (По преданиям якутов бывшего Якутского округа)
Первые сведения об ответственности С.И. Боло
210 ## - ПУБЛИКАЦИЯ, РАСПРОСТРАНЕНИЕ И ДР.
Место издания, распространения и т.д. Москва
-- Якутск
Имя издателя, распространителя и т. д. Якут. гос. изд-во
Дата издания, распространения и т.д. 1938
Место изготовления Москва
Имя изготовителя 17-я фаб. нац. книги ОГИЗ'а РСФСР треста "Полиграфкнига"
215 ## - ФИЗИЧЕСКАЯ ХАРАКТЕРИСТИКА
Специфическое обозначение материала и объем 227, [2] с., 11 л. табл. отд. сброш.
Другие сведения о физической характеристике ил., табл.
Размеры 25 см
225 1# - СЕРИЯ
Основное заглавие серии Сборник трудов Научно-Исследовательского института языка и культуры при СНК ЯАССР
Сведения об ответственности Под ред. П.А. Ойунского
Обозначение тома Вып. 4. Июль-август 1936 г.
300 ## - ОБЩИЕ ПРИМЕЧАНИЯ
Текст примечания Тит. л. на рус. и якут. яз.
300 ## - ОБЩИЕ ПРИМЕЧАНИЯ
Текст примечания Предисл. на рус. яз.
300 ## - ОБЩИЕ ПРИМЕЧАНИЯ
Текст примечания Текст на якут. яз.
320 ## - ПРИМЕЧАНИЯ О НАЛИЧИИ В ДОКУМЕНТЕ БИБЛИОГРАФИИ / УКАЗАТЕЛЯ
Текст примечания Библиогр. на рус. яз.: Указатель литературы о преданиях якутов (с. 226-27)
700 #1 - ИМЯ ЛИЦА - ПЕРВИЧНАЯ ОТВЕТСТВЕННОСТЬ
Начальный элемент ввода Боло
Часть имени, кроме начального элемента ввода С. И.
Даты 1905-1947
Расширение инициалов личного имени Сэсэн Иванович
702 #1 - ИМЯ ЛИЦА - ВТОРИЧНАЯ ОТВЕТСТВЕННОСТЬ
Начальный элемент ввода Ойунский
Часть имени, кроме начального элемента ввода П. А.
Код отношения Редактор
801 #0 - ИСТОЧНИК ЗАПИСИ
Страна Российская Федерация
Организация NLR
Правила каталогизации psbo
801 #1 - ИСТОЧНИК ЗАПИСИ
Страна Российская Федерация
Организация ELAR
Источник данных rusmarc
852 ## - МЕСТОНАХОЖДЕНИЕ И ШИФР ХРАНЕНИЯ
Идентификатор организации NLR
Шифр хранения (Call Number) 37-19/141(4)
942 ## - ДОПОЛНИТЕЛЬНЫЕ ЭЛЕМЕНТЫ ЗАПИСИ (АБИС)
Тип экземпляра АБИС Книга
980 ## - КОЛЛЕКЦИЯ
Название коллекции Национальная библиография
Экземпляры
Тип экземпляра Дата поступления Библиотека постоянного хранения Библиотека текущего хранения Место хранения Шифр хранения Штрих-код Статус экземпляра
Книга 26.10.2013 РНБ (Садовая) РНБ (Садовая) Русский книжный фонд -Главное здание, Ленинский читальный зал 37-19/141(4) 7077195-10